| 000 | 01858nam0a2200349 4500 | ||
|---|---|---|---|
| 001 | RU\NLR\bibl\534398 | ||
| 005 | 20260419144156.0 | ||
| 035 | _a(NLR Aleph) 000526680 | ||
| 090 |
_a1327072 _c1327072 |
||
| 100 | _a20040628d2003 u y0rusy50 ca | ||
| 101 | 0 | _arus | |
| 102 | _aRU | ||
| 105 | _ay ||||||||| | ||
| 200 | 1 |
_aРоссийское народовластие: развитие, современные тенденции и противоречия _f[А.С. Автономов, А.В. Иванченко, А.В. Курицын, доктора юрид. наук и др. _gПод ред. А.В. Иванченко] _gФонд "Либер. миссия" |
|
| 210 |
_aМ. _cЛибер. миссия _d2003 |
||
| 215 |
_a297 с. _d21 |
||
| 320 | _aБиблиогр. в подстроч. примеч. | ||
| 606 | 0 |
_aНародовластие _yРоссийская Федерация _2nlr-sh1 _3RU\NLR\auth\661279228 |
|
| 686 | _aХ620.21 | ||
| 701 | 1 |
_aАвтономов _bА. С. _f1959- _gАлексей Станиславович _3RU\NLR\auth\7737349 _4070 |
|
| 701 | 1 |
_aИванченко _bА. В. _f1954- _gАлександр Владимирович _3RU\NLR\auth\7750075 _4070 _4340 |
|
| 701 | 1 |
_aКурицын _bВ. М. _f1925-2010 _gВсеволод Михайлович _3RU\NLR\AUTH\772324 _4070 |
|
| 712 | 0 | 2 |
_a"Либеральная миссия", фонд _cМосква _3RU\NLR\AUTH\8810051491 _4570 |
| 801 | 0 |
_aRU _bNLR _c20040628 _gPSBO |
|
| 801 | 1 |
_aRU _bNLR _c20040628 |
|
| 830 | _aАвт. по ЭК | ||
| 942 | _cBOOK | ||
| 980 | _aNB | ||
| 980 | _aIA | ||
| 996 |
_aиноагент _bo _cНекоммерческая организация Научный фонд теоретических и прикладных исследований «Либеральная миссия» |
||